| 000 | 00507nam a22001337a 4500 | ||
|---|---|---|---|
| 020 | _a0-330-48305-6 | ||
| 082 |
_a823 _bCOO/S |
||
| 100 | _aCOOK,ROBIN | ||
| 245 | _aSHOCK | ||
| 300 | _a404 | ||
| 520 | _aTwo graduate students decide to solve their financial problems by becoming egg donors at an exclusive, highly profitable fertility clinic on Boston's North Shore. But second thoughts and curiosity prompt the two women to find out more about their donated eggs. | ||
| 650 | _aNOVEL,ENGLISH | ||
| 942 | _cBK | ||
| 999 |
_c2493 _d2493 |
||